Entrepreneurship, growth and public policy : (Record no. 11044)
[ view plain ]
| 000 -LEADER | |
|---|---|
| fixed length control field | 01005cam a22002535a 4500 |
| 001 - CONTROL NUMBER | |
| control field | 14586555 |
| 005 - DATE AND TIME OF LATEST TRANSACTION | |
| control field | 20201128013538.0 |
| 008 - FIXED-LENGTH DATA ELEMENTS--GENERAL INFORMATION | |
| fixed length control field | 061006s2007 us a frb 001 0 eng d |
| 020 ## - INTERNATIONAL STANDARD BOOK NUMBER | |
| International Standard Book Number | 9781847201164 |
| 040 ## - CATALOGING SOURCE | |
| Original cataloging agency | DLC |
| Transcribing agency | DLC |
| Modifying agency | BAKER |
| -- | BTCTA |
| -- | C#P |
| -- | YDXCP |
| -- | DLC |
| -- | EG-ScBuE |
| Language of cataloging | eng |
| 082 00 - DEWEY DECIMAL CLASSIFICATION NUMBER | |
| Classification number | 338.04 |
| Edition number | 22 |
| Item number | ACS |
| 100 1# - MAIN ENTRY--PERSONAL NAME | |
| Personal name | Acs, Zoltan J. |
| 9 (RLIN) | 2235 |
| 245 10 - TITLE STATEMENT | |
| Title | Entrepreneurship, growth and public policy : |
| Remainder of title | Prelude to a knowledge spillover theory of entrepreneurship / |
| Statement of responsibility, etc | Zoltan J. Acs. |
| 260 ## - PUBLICATION, DISTRIBUTION, ETC. (IMPRINT) | |
| Place of publication, distribution, etc | Massachusetts : |
| Name of publisher, distributor, etc | Edward Elgar, |
| Date of publication, distribution, etc | c.2008. |
| 300 ## - PHYSICAL DESCRIPTION | |
| Extent | xxii, 573 p. : |
| Dimensions | 24 cm. |
| Other physical details | ill. ; |
| 500 ## - GENERAL NOTE | |
| General note | Index : p. 567-573. |
| 504 ## - BIBLIOGRAPHY, ETC. NOTE | |
| Bibliography, etc | Includes bibliographical references. |
| 590 ## - LOCAL NOTE (RLIN) | |
| Local note | yassmeen ashraf |
| 650 #0 - SUBJECT ADDED ENTRY--TOPICAL TERM | |
| Topical term or geographic name as entry element | Entrepreneurship. |
| 9 (RLIN) | 240 |
| Source of heading or term | BUEsh |
| 651 ## - SUBJECT ADDED ENTRY--GEOGRAPHIC NAME | |
| Source of heading or term | BUEsh |
| 653 ## - INDEX TERM--UNCONTROLLED | |
| Resource For college | BAEPS, Political Science |
| Arrived date list | August2015 |
| 942 ## - ADDED ENTRY ELEMENTS (KOHA) | |
| Source of classification or shelving scheme | Dewey Decimal Classification |
| Item type | Book - Borrowing |
| Withdrawn status | Item status | Source of classification or shelving scheme | Damaged status | Not for loan | Vendor | Home library | Current library | Shelving location | Date acquired | Source of acquisition | Cost, normal purchase price | Serial Enumeration / chronology | Total Checkouts | Total Renewals | Full call number | Barcode | Date last seen | Date last borrowed | Koha item type |
|---|---|---|---|---|---|---|---|---|---|---|---|---|---|---|---|---|---|---|---|
| Dewey Decimal Classification | Baccah | Central Library | Central Library | First floor | 08/03/2009 | 860.00 | 7370 | 7 | 5 | 338.04 ACS | 000015389 | 15/07/2025 | 05/12/2019 | Book - Borrowing |